000 00570nam a2200193 a 4500
005 20140310183212.0
008 030426s19uu xx 00 eng d
020 _a0810841932
050 _aZ 711.2
_b.Ur7 2001
100 _aUrbanik, Kay Mary
245 _aCurriculum Planning and Teaching :
_bUsing the Library Media Center /
_cMary Kay Urbanik.
300 _a164 p. :
_bill. ;
_c22 cm.
521 _aEDU
650 _aCurriculum planning.
650 _aTeaching-Aids and devices.
650 _aLibraries and education.
942 _cBK
_2lcc
_kFOR
999 _c20149
_d20149